000 00362nam a2200145Ia 4500
008 151213s9999 xx 000 0 und d
100 _aR. K. Narayan
245 _aThe Dark Room
_cR. K. Narayan
260 _aChennai
_bIndian Thought Publication
_c2004
300 _a3157 p.
650 _aEnglish
650 _aEnglish
700 _aR. K. Narayan
999 _c2182
_d2182